Statistics for Terraria - Pre-Hardmode or Hardmode

Click here to take the quiz!

General Stats

  • This quiz has been taken 65 times
  • The average score is 13 of 15

Answer Stats

QuestionAnswer% Correct
Cobalt OreHardmode
100%
Temple KeyHardmode
100%
Platinum OrePre-Hardmode
98%
Wizard NPCHardmode
97%
ExcaliburHardmode
95%
Bee WingsHardmode
94%
Night's EdgePre-Hardmode
94%
Angel WingsHardmode
90%
FlamethrowerHardmode
89%
Titan GloveHardmode
89%
Jungle KeyHardmode
79%
Fledgling WingsPre-Hardmode
77%
Shadow KeyPre-Hardmode
76%
Party Girl NPCPre-Hardmode
68%
Gold DustHardmode
66%

Score Distribution

Percentile by Number Answered

Percent of People with Each Score

Your Score History

You have not taken this quiz